000 00579nam a2200229 i 4500
001 C2-0116752
003 PPAK
005 20180727110041.0
008 970722s1976 nyu |||| ||||| | eng d
020 _a0876682336
040 _aPPAK
_beng
_cPPAK
_erda
082 0 4 _a155.4
_223
090 0 0 _a155.4
_bSAR
_dG
100 1 _aSarnoff, Charles,
_eauthor
245 1 0 _aLatency
264 1 _aNew York :
_bJason Aronson ,
_c1976
300 _a401 pages ;
_c22 cm
336 _2rdacontent
_atext
337 _2rdamedia
_aunmediated
338 _2rdacarrier
_avolume
942 _ddc
_cB
999 _c30869
_d30869